01169naa a22003137a 4500003000400000005001700004008004100021020002200062040003700084082003200121100002100153245015500174260004100329300003400370650003400404650004800438650001500486650002700501650001900528650002100547650002300568650002000591650005800611650002500669700001900694700003100713773005500744856005600799OSt20250513060245.0250505t2023 |||o||||o| || 00| ||eng dd a978-1-003-24467-7 cJMCFI - Learning Resource Center aeBook/G.Ed. 001.4 B846 2023 aBreuer, Johannes aChapter 30 the role of participants in online privacy researchh[electronic resource] /cJohannes Breuer, Katrin Weller and Katharina Kinder-Kurlanda. aNew York :bTaylor & Francis,c2023. a1 online resource (11 pages). aArtificial Intelligence (AI). aInformation Communication Technology (ICT). aAlgorithm. aDigital communication. aDigital media. aInformation law. aMedia and society. aOnline network. aOpen Access Publishing in European Networks (OAPEN).  aeBook (Open access). aWeller, Katrin aKinder-Kurlanda, Katharina tThe Routledge Handbook of Privacy and Social Media uhttps://library.oapen.org/handle/20.500.12657/77194